La Asociación Venezolana de Educación Católica (AVEC) frente a la Junta Revolucionaria de Gobierno (JRG) y el Gobierno de Rómulo Gallegos (Registro nro. 1079)
[ vista simple ]
| 000 -CABECERA | |
|---|---|
| campo de control de longitud fija | 02120nam a22002057a 4500 |
| 001 - NÚMERO DE CONTROL | |
| campo de control | T027600013206 |
| 008 - DATOS DE LONGITUD FIJA--INFORMACIÓN GENERAL | |
| campo de control de longitud fija | 181014b xve||||| m 0 e0p | esp |
| 040 ## - FUENTE DE LA CATALOGACIÓN | |
| Centro catalogador/agencia de origen | FEVP |
| Centro/agencia transcriptor | FEVP |
| 041 ## - CÓDIGO DE LENGUA | |
| Código de lengua del texto/banda sonora o título independiente | spa |
| 099 ## - SIGNATURA TOPOGRÁFICA LOCAL | |
| Sigla especial | Tesis |
| Cutter | M385 |
| Fecha | 2001 |
| 100 ## - ENTRADA PRINCIPAL--NOMBRE DE PERSONA | |
| Apellido (s), Nombre (s) | Martínez, Simón; Mendoza, Francia; Suárez, Jessica |
| 245 ## - MENCIÓN DE TÍTULO | |
| Título | La Asociación Venezolana de Educación Católica (AVEC) frente a la Junta Revolucionaria de Gobierno (JRG) y el Gobierno de Rómulo Gallegos |
| 260 ## - PUBLICACIÓN, DISTRIBUCIÓN, ETC. (PIE DE IMPRENTA) | |
| Fecha de publicación, distribución, etc. | Noviembre, 2001 |
| 300 ## - DESCRIPCIÓN FÍSICA | |
| Extensión | 179 + |
| Material acompañante/anejo | anexos. |
| 500 ## - NOTA GENERAL | |
| Nota general | Fotocopiado |
| 502 ## - NOTA DE TESIS | |
| Nota de tesis | TESIS -- Licenciado, Licenciado en Educación |
| 520 ## - NOTA DE RESUMEN, ETC. (R) | |
| Sumario, etc. | El presente estudio fue de tipo documental-descriptivo. Tuvo como objetivo general analizar el papel de la Asociación Venezolana de Educación (AVEC) frente a la política educativa de la Junta Revolucionaria de Gobierno(JRG) y del gobierno de Rómulo Gallegos (1945-1948). Para lograrlo se elaboraron objetivos específicos que permitieron guiar y orientar el estudio. Dentro de la investigación se emplearon distintas técnicas para el análisis de las fuentes documentales: observación documental, presentación resumida, resumen analítico, análisis crítico así como también la crítica interna y externa de los documentos. Los resultados permiten concluir que la Asociación Venezolana de Educación Católica (AVEC) representó el papel de defensor de la Iglesia Católica convirtiéndose en el primer opositor de las políticas educativas, primero de la Junta Revolucionara de Gobierno y posteriormente del Gobierno de Rómulo Gallegos. Se inició de esta manera un enfrentamiento entre dos grupos claramente definidos: la Iglesia y el Estado Nacional. El clima de oposición y rechazo se hacía evidente, en especial ante la discusión sobre la nueva Ley de Educación; sin embargo el Gobierno no dudó en dar el ejecútese a la Ley Orgánica de Educación. Las consecuencias no se hicieron esperar hasta el punto que el 24 de noviembre de 1948, muchos de los otrora aliados apoyaron el golpe de Estado esta vez contra Rómulo Gallegos. |
| 700 ## - PUNTO DE ACCESO ADICIONAL--NOMBRE DE PERSONA | |
| Nombre de persona | Luque, Guillermo |
| Término indicativo de función/relación | Tutor |
| 942 ## - ELEMENTOS DE PUNTO DE ACCESO ADICIONAL (KOHA) | |
| Tipo de ítem Koha | Tesis |
| Estado de retiro | Estado de pérdida | Fuente del sistema de clasificación o colocación | Estado dañado | No para préstamo | Localización permanente | Ubicación/localización actual | Fecha de adquisición | Total de préstamos | Signatura topográfica completa | Código de barras | Fecha visto por última vez | Precio válido a partir de | Tipo de ítem Koha |
|---|---|---|---|---|---|---|---|---|---|---|---|---|---|
| Oscar Varsavsky | Oscar Varsavsky | 31.10.2018 | Tesis M385 2001 | T027600016892 | 31.10.2018 | 31.10.2018 | Tesis |